000 00497nam a2200181Ia 4500
005 20250508160948.0
008 008 250505s9999 xx 000 0 hin d
037 _aTextual
040 _aFEDL
_beng
_cFEDL
041 _ahin
_2eng
084 _a370.1, YOG
_qFEDL
100 _aYogendra Jeet
_9766410
245 0 _aShiksha ke darshnik evam samajik adhar
300 _a302p
650 _aEducation - Philosolphy
_9756482
942 _cTEXL
_h370.1, YOG
999 _c1367642
_d1367642